[Event "Budapest-chT1 Lilienthal 1516"]
[Site "Budapest"]
[Date "2015.09.20"]
[Round "1"]
[White "Katona, Jozsef3"]
[Black "Meszaros, Adam"]
[Result "1-0"]
[WhiteElo "1926"]
[BlackElo "1728"]
[PlyCount "55"]
[EventDate "2015.09.20"]
[EventType "team-tourn"]
[EventRounds "9"]
[EventCountry "HUN"]
[SourceTitle "EXT 2021"]
[Source "ChessBase"]
[SourceDate "2020.10.23"]
[SourceVersion "1"]
[SourceVersionDate "2020.10.23"]
[SourceQuality "1"]
[WhiteTeam "Budapest Vasas II"]
[BlackTeam "SENSE"]
[WhiteTeamCountry "HUN"]
[BlackTeamCountry "HUN"]

1. d4 e6 2. c4 Nf6 3. Nc3 Bb4 4. Nf3 0-0 5. a3 Bxc3+ 6. bxc3 d5 7. e3 c5 8. Bd3 Nc6 9. 0-0 Re8 10. Qe2 e5 11. dxe5 Nxe5 12. Nxe5 Rxe5 13. cxd5 Bg4 14. f3 Bh5 15. c4 Bg6 16. e4 Nd7 17. Bb2 Rh5 18. g4 Rh3 19. Qg2 Qh4 20. Rf2 Re8 21. Bf1 Rxf3 22. Qxf3 Rxe4 23. Rg2 Ne5 24. Bxe5 Rxe5 25. Re2 Rxe2 26. Qxe2 h5 27. d6 Qf6 28. Rd1 1-0

[Event "SVK-chT2B 1112"]
[Site "Slovakia"]
[Date "2011.10.09"]
[Round "2.1"]
[White "Gazikova, Veronika"]
[Black "Meszaros, Adam"]
[Result "1-0"]
[WhiteElo "1897"]
[BlackElo "1552"]
[PlyCount "133"]
[EventDate "2011.10.08"]
[EventType "team-tourn"]
[EventRounds "11"]
[EventCountry "SVK"]
[SourceTitle "EXT 2013"]
[Source "ChessBase"]
[SourceDate "2012.11.22"]
[SourceVersion "1"]
[SourceVersionDate "2012.11.22"]
[SourceQuality "1"]
[WhiteTeam "Prievidza SK III"]
[BlackTeam "Kamenny Most"]
[WhiteTeamCountry "SVK"]
[BlackTeamCountry "SLO"]

1. e4 e6 2. d4 d5 3. Nd2 dxe4 4. Nxe4 Be7 5. Nf3 h6 6. Bd3 Nf6 7. 0-0 0-0 8. c3 Nbd7 9. Re1 c6 10. Bf4 Qb6 11. Qc2 Nxe4 12. Bxe4 Nf6 13. Bd3 Bd7 14. Ne5 Rfd8 15. Nc4 Qa6 16. Bc7 b5 17. Bxd8 Rxd8 18. Ne5 Qb6 19. Rad1 a6 20. Qe2 c5 21. dxc5 Bxc5 22. c4 Be8 23. a3 b4 24. axb4 Bxb4 25. Rf1 Bc5 26. Bc2 Rb8 27. b3 Qc7 28. Ng4 Nxg4 29. Qxg4 Bd6 30. h3 Qc5 31. Qe4 Be5 32. Rd2 Bc6 33. Qd3 g6 34. Rfd1 Qe7 35. Qe3 Qf6 36. Re2 Bf4 37. Qd4 Qg5 38. Be4 Be5 39. Qd3 Be8 40. Qf3 Bc7 41. Bc6 Rxb3 42. Qxb3 Bxc6 43. f3 Qg3 44. Red2 Qh2+ 45. Kf1 Bg3 46. Qe3 Bf4 47. Rd8+ Kh7 48. Qf2 Bg5 49. R8d3 a5 50. f4 Bxf4 51. Qg1 Qxg1+ 52. Kxg1 a4 53. Rf1 e5 54. g3 e4 55. Rxf4 exd3 56. Rxf7+ Kg8 57. Rf2 a3 58. Rd2 Be4 59. Kf2 g5 60. Ke3 Bg6 61. c5 Kf7 62. Ra2 Ke6 63. Rxa3 Kd5 64. Ra6 Bf5 65. g4 Bc8 66. Rxh6 Kxc5 67. Kxd3 1-0